000
00285nam a2200109Ia 4500
008
200302s9999 xx 000 0 und d
100
_a
Robert L. Mott, P. E.
245
_a
Applied Strength of Materials 5th ed.,
260
_b
Phi Learning Pvt., Ltd.,
260
_c
2009
300
_a
776 P.,
999
_c
2841
_d
2841